Geostastical ore reserve estimation (Record no. 55101)
[ view plain ]
| 000 -LEADER | |
|---|---|
| fixed length control field | 00544 a2200181 4500 |
| 082 ## - DEWEY DECIMAL CLASSIFICATION NUMBER | |
| Classification number | 622.13 |
| Item number | D494g |
| 100 ## - MAIN ENTRY--PERSONAL NAME | |
| Personal name | David, Michael, 1945 |
| 9 (RLIN) | 11895 |
| 245 ## - TITLE STATEMENT | |
| Title | Geostastical ore reserve estimation |
| 260 ## - PUBLICATION, DISTRIBUTION, ETC. | |
| Place of publication, distribution, etc. | Amsterdam |
| Name of publisher, distributor, etc. | Elsevier Scientific |
| Date of publication, distribution, etc. | 1977 |
| 300 ## - PHYSICAL DESCRIPTION | |
| Extent | xix, 364p. |
| Other physical details | diagrs., |
| 440 ## - SERIES STATEMENT/ADDED ENTRY--TITLE | |
| Title | Developments in geomathematics; |
| Number of part/section of a work | 2 |
| 9 (RLIN) | 11896 |
| 504 ## - BIBLIOGRAPHY, ETC. NOTE | |
| Bibliography, etc. note | Bibliography : p. 347-356 |
| 650 ## - SUBJECT ADDED ENTRY--TOPICAL TERM | |
| Topical term or geographic name entry element | Mine valuation |
| 9 (RLIN) | 11897 |
| 650 ## - SUBJECT ADDED ENTRY--TOPICAL TERM | |
| Topical term or geographic name entry element | Mines and mineral resources |
| 9 (RLIN) | 8790 |
| 650 ## - SUBJECT ADDED ENTRY--TOPICAL TERM | |
| Topical term or geographic name entry element | statistical methods |
| 653 ## - INDEX TERM--UNCONTROLLED | |
| Uncontrolled term | Mines |
| 942 ## - ADDED ENTRY ELEMENTS (KOHA) | |
| Source of classification or shelving scheme | Dewey Decimal Classification |
| Koha item type | General Collections |
| Withdrawn status | Lost status | Source of classification or shelving scheme | Damaged status | Not for loan | Home library | Current library | Date acquired | Total Checkouts | Full call number | Barcode | Date last seen | Price effective from | Koha item type |
|---|---|---|---|---|---|---|---|---|---|---|---|---|---|
| Dewey Decimal Classification | Tribhuvan University Central Library | Tribhuvan University Central Library | 01/18/2011 | 622.13 D494g | 71840 | 01/18/2011 | 01/18/2011 | General Collections |
